<?xml version="1.0" encoding="UTF-8"?>
<collection xmlns="http://www.loc.gov/MARC21/slim">
 <record>
  <leader>04035cam a2200685  b4500</leader>
  <controlfield tag="001">1074649567</controlfield>
  <controlfield tag="003">DE-627</controlfield>
  <controlfield tag="005">20240329195245.0</controlfield>
  <controlfield tag="007">tu</controlfield>
  <controlfield tag="008">850101s1974    gw |||||      00| ||ger c</controlfield>
  <datafield tag="020" ind1=" " ind2=" ">
   <subfield code="a">9783871570469</subfield>
   <subfield code="c">Lw. : DM 125.00</subfield>
   <subfield code="9">978-3-87157-046-9</subfield>
  </datafield>
  <datafield tag="020" ind1=" " ind2=" ">
   <subfield code="a">387157046X</subfield>
   <subfield code="9">3-87157-046-X</subfield>
  </datafield>
  <datafield tag="035" ind1=" " ind2=" ">
   <subfield code="a">(DE-627)1074649567</subfield>
  </datafield>
  <datafield tag="035" ind1=" " ind2=" ">
   <subfield code="a">(DE-576)004649567</subfield>
  </datafield>
  <datafield tag="035" ind1=" " ind2=" ">
   <subfield code="a">(DE-599)BSZ004649567</subfield>
  </datafield>
  <datafield tag="035" ind1=" " ind2=" ">
   <subfield code="a">(OCoLC)1396145</subfield>
  </datafield>
  <datafield tag="035" ind1=" " ind2=" ">
   <subfield code="a">(OCoLC)01396145</subfield>
  </datafield>
  <datafield tag="035" ind1=" " ind2=" ">
   <subfield code="a">(OCoLC)1078741922</subfield>
  </datafield>
  <datafield tag="035" ind1=" " ind2=" ">
   <subfield code="a">(DE-604)8009486186</subfield>
  </datafield>
  <datafield tag="040" ind1=" " ind2=" ">
   <subfield code="a">DE-627</subfield>
   <subfield code="b">ger</subfield>
   <subfield code="c">DE-627</subfield>
   <subfield code="e">rakwb</subfield>
  </datafield>
  <datafield tag="041" ind1=" " ind2=" ">
   <subfield code="a">ger</subfield>
  </datafield>
  <datafield tag="044" ind1=" " ind2=" ">
   <subfield code="c">XA-DE-BE</subfield>
  </datafield>
  <datafield tag="082" ind1="0" ind2=" ">
   <subfield code="a">729.8</subfield>
  </datafield>
  <datafield tag="084" ind1=" " ind2=" ">
   <subfield code="a">9,10</subfield>
   <subfield code="2">ssgn</subfield>
  </datafield>
  <datafield tag="084" ind1=" " ind2=" ">
   <subfield code="a">LH 74000</subfield>
   <subfield code="2">rvk</subfield>
   <subfield code="0">(DE-625)rvk/94940:</subfield>
  </datafield>
  <datafield tag="100" ind1="1" ind2=" ">
   <subfield code="a">Rode, Herbert</subfield>
   <subfield code="0">(DE-588)1224972651</subfield>
   <subfield code="0">(DE-627)1744492301</subfield>
   <subfield code="4">aut</subfield>
  </datafield>
  <datafield tag="245" ind1="1" ind2="4">
   <subfield code="a">Die mittelalterlichen Glasmalereien des Kölner Domes</subfield>
   <subfield code="c">Herbert Rode</subfield>
  </datafield>
  <datafield tag="264" ind1=" " ind2="1">
   <subfield code="a">Berlin</subfield>
   <subfield code="b">Dt. Verl. für Kunstwiss.</subfield>
   <subfield code="c">1974</subfield>
  </datafield>
  <datafield tag="300" ind1=" " ind2=" ">
   <subfield code="a">227 S., 268 Taf.</subfield>
   <subfield code="b">zahlr. Ill.</subfield>
  </datafield>
  <datafield tag="336" ind1=" " ind2=" ">
   <subfield code="a">Text</subfield>
   <subfield code="b">txt</subfield>
   <subfield code="2">rdacontent</subfield>
  </datafield>
  <datafield tag="337" ind1=" " ind2=" ">
   <subfield code="a">ohne Hilfsmittel zu benutzen</subfield>
   <subfield code="b">n</subfield>
   <subfield code="2">rdamedia</subfield>
  </datafield>
  <datafield tag="338" ind1=" " ind2=" ">
   <subfield code="a">Band</subfield>
   <subfield code="b">nc</subfield>
   <subfield code="2">rdacarrier</subfield>
  </datafield>
  <datafield tag="490" ind1="1" ind2=" ">
   <subfield code="a">Corpus vitrearum Medii Aevi - Deutschland</subfield>
   <subfield code="a">Bd. 4. Köln</subfield>
   <subfield code="v">1</subfield>
  </datafield>
  <datafield tag="583" ind1="1" ind2=" ">
   <subfield code="a">Archivierung/Langzeitarchivierung gewährleistet</subfield>
   <subfield code="f">SLG</subfield>
   <subfield code="z">Glas</subfield>
   <subfield code="2">pdager</subfield>
   <subfield code="5">DE-24</subfield>
  </datafield>
  <datafield tag="583" ind1="1" ind2=" ">
   <subfield code="a">Archivierung/Langzeitarchivierung gewährleistet</subfield>
   <subfield code="f">SSG</subfield>
   <subfield code="x">XA-DE-BW</subfield>
   <subfield code="2">pdager</subfield>
   <subfield code="5">DE-16</subfield>
  </datafield>
  <datafield tag="655" ind1=" " ind2="7">
   <subfield code="a">Inventar</subfield>
   <subfield code="0">(DE-588)4027540-1</subfield>
   <subfield code="0">(DE-627)106284274</subfield>
   <subfield code="0">(DE-576)208971270</subfield>
   <subfield code="2">gnd-content</subfield>
  </datafield>
  <datafield tag="689" ind1="0" ind2="0">
   <subfield code="d">g</subfield>
   <subfield code="0">(DE-588)4122597-1</subfield>
   <subfield code="0">(DE-627)105761265</subfield>
   <subfield code="0">(DE-576)209552751</subfield>
   <subfield code="a">Dom Köln</subfield>
   <subfield code="g">Köln</subfield>
   <subfield code="2">gnd</subfield>
  </datafield>
  <datafield tag="689" ind1="0" ind2="1">
   <subfield code="d">s</subfield>
   <subfield code="0">(DE-588)4021177-0</subfield>
   <subfield code="0">(DE-627)106315099</subfield>
   <subfield code="0">(DE-576)208936653</subfield>
   <subfield code="a">Glasmalerei</subfield>
   <subfield code="2">gnd</subfield>
  </datafield>
  <datafield tag="689" ind1="0" ind2=" ">
   <subfield code="5">(DE-627)</subfield>
  </datafield>
  <datafield tag="689" ind1="1" ind2="0">
   <subfield code="d">g</subfield>
   <subfield code="0">(DE-588)4011882-4</subfield>
   <subfield code="0">(DE-627)104704861</subfield>
   <subfield code="0">(DE-576)208896155</subfield>
   <subfield code="a">Deutschland</subfield>
   <subfield code="2">gnd</subfield>
  </datafield>
  <datafield tag="689" ind1="1" ind2="1">
   <subfield code="d">s</subfield>
   <subfield code="0">(DE-588)4021177-0</subfield>
   <subfield code="0">(DE-627)106315099</subfield>
   <subfield code="0">(DE-576)208936653</subfield>
   <subfield code="a">Glasmalerei</subfield>
   <subfield code="2">gnd</subfield>
  </datafield>
  <datafield tag="689" ind1="1" ind2="2">
   <subfield code="a">z</subfield>
   <subfield code="2">gnd</subfield>
   <subfield code="a">Geschichte</subfield>
  </datafield>
  <datafield tag="689" ind1="1" ind2=" ">
   <subfield code="5">(DE-627)</subfield>
  </datafield>
  <datafield tag="787" ind1="0" ind2="8">
   <subfield code="i">Rezensiert in</subfield>
   <subfield code="a">Frodl-Kraft, Eva, 1916 - 2011</subfield>
   <subfield code="t">[Rezension von: Herbert Rode, Die mittelalterlichen Glasmalereien des Kölner Domes]</subfield>
   <subfield code="d">1976</subfield>
   <subfield code="w">(DE-627)1854189972</subfield>
  </datafield>
  <datafield tag="787" ind1="0" ind2="8">
   <subfield code="i">Rezension:</subfield>
   <subfield code="a">Andersson, Aron, 1919 - 1984</subfield>
   <subfield code="t">Herbert Rode, Die mittelalterlichen Glasmalereien des Kölner Domes</subfield>
   <subfield code="d">Stockholm : Scandinavian University Press, 1977</subfield>
   <subfield code="h">S. 91-92</subfield>
   <subfield code="w">(DE-627)1526906007</subfield>
   <subfield code="w">(DE-576)456906002</subfield>
  </datafield>
  <datafield tag="787" ind1="0" ind2="8">
   <subfield code="i">Rezension:</subfield>
   <subfield code="a">Beeh-Lustenberger, Suzanne, 1932 - </subfield>
   <subfield code="t">Herbert Rode, Die mittelalterlichen Glasmalereien des Kölner Domes</subfield>
   <subfield code="d">Bruxelles : Steiner, 1976</subfield>
   <subfield code="h">Sp. 352-356</subfield>
   <subfield code="w">(DE-627)1527050793</subfield>
   <subfield code="w">(DE-576)457050799</subfield>
  </datafield>
  <datafield tag="787" ind1="0" ind2="8">
   <subfield code="i">Rezension:</subfield>
   <subfield code="a">Frodl-Kraft, Eva, 1916 - 2011</subfield>
   <subfield code="t">Herbert Rode, Die mittelalterlichen Glasmalereien des Kölner Domes</subfield>
   <subfield code="d">Nürnberg : Carl, 1976</subfield>
   <subfield code="h">S. 194</subfield>
   <subfield code="w">(DE-627)1529231558</subfield>
   <subfield code="w">(DE-576)459231553</subfield>
  </datafield>
  <datafield tag="787" ind1="0" ind2="8">
   <subfield code="i">Rezension:</subfield>
   <subfield code="a">Haussherr, Reiner, 1937 - 2018</subfield>
   <subfield code="t">Herbert Rode, Die mittelalterlichen Glasmalereien des Kölner Domes</subfield>
   <subfield code="d">Bonn : Habelt, 1978</subfield>
   <subfield code="h">S. 566-573</subfield>
   <subfield code="w">(DE-627)1531185010</subfield>
   <subfield code="w">(DE-576)461185016</subfield>
  </datafield>
  <datafield tag="787" ind1="0" ind2="8">
   <subfield code="i">Rezension:</subfield>
   <subfield code="a">Krummer-Schroth, Ingeborg, 1911 - 1998</subfield>
   <subfield code="t">Herbert Rode, Die mittelalterlichen Glasmalereien des Kölner Domes</subfield>
   <subfield code="d">Regensburg, München : Schnell &amp; Steiner, 1976</subfield>
   <subfield code="h">Seiten 173-174</subfield>
   <subfield code="w">(DE-627)1559748818</subfield>
   <subfield code="w">(DE-576)489748813</subfield>
  </datafield>
  <datafield tag="830" ind1=" " ind2="0">
   <subfield code="a">Corpus vitrearum medii aevi - Deutschland</subfield>
   <subfield code="p">Bd. 4. Köln ; 1</subfield>
   <subfield code="v">Bd. 4,1</subfield>
   <subfield code="9">4,1</subfield>
   <subfield code="w">(DE-627)1082349828</subfield>
   <subfield code="w">(DE-576)012349828</subfield>
   <subfield code="7">nm</subfield>
  </datafield>
  <datafield tag="856" ind1="4" ind2="2">
   <subfield code="u">http://d-nb.info/750173866/04</subfield>
   <subfield code="x">Verlag</subfield>
   <subfield code="3">Inhaltsverzeichnis</subfield>
  </datafield>
  <datafield tag="936" ind1="r" ind2="v">
   <subfield code="a">LH 74000</subfield>
   <subfield code="b">Allgemeine geschichtliche Darstellungen, Abbildungswerke zur Glasfenstermalerei insgesamt, Theorie etc.</subfield>
   <subfield code="k">Kunstgeschichte</subfield>
   <subfield code="k">Allgemeines. Allgemeine Kunstgeschichte</subfield>
   <subfield code="k">Kunstgeschichte einzelner Gattungen der Kunst</subfield>
   <subfield code="k">Glasfenstermalerei</subfield>
   <subfield code="k">Allgemeine geschichtliche Darstellungen, Abbildungswerke zur Glasfenstermalerei insgesamt, Theorie etc.</subfield>
   <subfield code="0">(DE-627)1270637991</subfield>
   <subfield code="0">(DE-625)rvk/94940:</subfield>
   <subfield code="0">(DE-576)200637991</subfield>
  </datafield>
  <datafield tag="951" ind1=" " ind2=" ">
   <subfield code="a">MV</subfield>
  </datafield>
  <datafield tag="990" ind1=" " ind2=" ">
   <subfield code="a">Dom Köln</subfield>
  </datafield>
  <datafield tag="990" ind1=" " ind2=" ">
   <subfield code="a">Glasmalerei</subfield>
  </datafield>
  <datafield tag="990" ind1=" " ind2=" ">
   <subfield code="a">Deutschland</subfield>
  </datafield>
  <datafield tag="990" ind1=" " ind2=" ">
   <subfield code="a">Glasmalerei</subfield>
  </datafield>
  <datafield tag="990" ind1=" " ind2=" ">
   <subfield code="a">Geschichte</subfield>
  </datafield>
  <datafield tag="991" ind1=" " ind2=" ">
   <subfield code="a">Rezensiertes Werk</subfield>
  </datafield>
  <datafield tag="999" ind1=" " ind2=" ">
   <subfield code="a">KXP-PPN1074649567</subfield>
   <subfield code="e">4370098246</subfield>
  </datafield>
 </record>
</collection>
